[Event "Pfalz op-B 9th"]
[Site "Neustadt an der Weinstrasse"]
[Date "2018.02.09"]
[Round "1"]
[White "Bussemer, Karsten"]
[Black "Behning, Manuel"]
[Result "1-0"]
[WhiteElo "1905"]
[BlackElo "1693"]
[PlyCount "61"]
[EventDate "2018.02.09"]
[EventType "swiss"]
[EventRounds "7"]
[EventCountry "GER"]
[SourceTitle "CBM 182 Extra"]
[Source "ChessBase"]
[SourceDate "2018.02.23"]
[SourceVersion "1"]
[SourceVersionDate "2018.02.23"]
[SourceQuality "1"]

1. d4 e6 2. Bf4 b5 3. e3 Bb7 4. Nf3 a6 5. c4 Bb4+ 6. Nc3 bxc4 7. Bxc4 Nf6 8. 0-0 Nc6 9. a3 Bxc3 10. bxc3 0-0 11. Bg5 Qe7 12. Nd2 d5 13. Bd3 e5 14. Nb3 e4 15. Be2 Bc8 16. Nc5 Nd8 17. f3 Ne6 18. Nxe6 Qxe6 19. Bxf6 gxf6 20. fxe4 dxe4 21. Qe1 f5 22. Qg3+ Qg6 23. Qxc7 Kh8 24. Qe5+ f6 25. Qf4 Bd7 26. Rab1 Qe8 27. c4 Rc8 28. Qh4 Qg6 29. c5 a5 30. Rb6 Rb8 31. Rfb1 1-0